Statistics for Group D - Vietnam AFC Asian Cup Squad

Click here to take the quiz!

General Stats

  • This quiz has been taken 6 times
  • The average score is 22 of 27

Answer Stats

#PositionClubPlayer Name% Correct
15FWQuang NamNguyễn Đình Bắc
100%
21GKHaiphong FCNguyễn Đình Triệu
100%
1GKHanoi PoliceNguyễn Filip
100%
18MFHanoi FCNguyễn Hai Long
100%
19MFHanoi PoliceNguyễn Quang Hải
100%
16MFDong A Thanh HoaNguyễn Thái Sơn
100%
6DFThe Cong-ViettelNguyễn Thanh Bình
100%
11MFLPBank HAGLNguyễn Tuấn Anh
100%
9FWThep Xanh Nam DinhNguyễn Văn Toàn
100%
14FWHanoi FCNguyễn Văn Trường
100%
24FWHanoi FCNguyễn Văn Tùng
100%
23GKSong Lam Nghe ANguyễn Văn Việt
100%
-Coach-Philippe Troussier
100%
20DFHanoi PoliceBùi Hoàng Việt Anh
83%
10FWHanoi FCPhạm Tuấn Hải
83%
7MFHanoi FCPhạm Xuân Mạnh
83%
2DFHanoi FCĐỗ Duy Mạnh
67%
8MFHanoi FCĐỗ Hùng Dũng
67%
22FWThe Cong-ViettelKhuất Văn Khang
67%
26DFQuy Nhon Binh DinhLê Ngọc Bảo
67%
25MFHanoi PoliceLê Phạm Thành Long
67%
12DFThe Cong-ViettelPhan Tuấn Tài
67%
4DFHanoi PoliceHồ Tấn Tài
50%
3DFBecamex Binh DuongVõ Minh Trọng
50%
17DFHanoi PoliceVũ Văn Thanh
50%
5DFHanoi PoliceGiáp Tuấn Dương
33%
13MFThe Cong-ViettelTrương Tiến Anh
33%

Score Distribution

Percentile by Number Answered

Percent of People with Each Score

Your Score History

You have not taken this quiz